<?xml version="1.0" encoding="UTF-8"?><?xml-stylesheet type="text/xsl" href="static/style.xsl"?><OAI-PMH xmlns="http://www.openarchives.org/OAI/2.0/" xmlns:xsi="http://www.w3.org/2001/XMLSchema-instance" xsi:schemaLocation="http://www.openarchives.org/OAI/2.0/ http://www.openarchives.org/OAI/2.0/OAI-PMH.xsd"><responseDate>2026-04-29T02:37:47Z</responseDate><request verb="GetRecord" identifier="oai:repisalud.isciii.es:20.500.12105/22649" metadataPrefix="marc">https://repisalud.isciii.es/rest/oai/request</request><GetRecord><record><header><identifier>oai:repisalud.isciii.es:20.500.12105/22649</identifier><datestamp>2024-11-28T19:45:25Z</datestamp><setSpec>com_20.500.12105_15322</setSpec><setSpec>com_20.500.12105_2051</setSpec><setSpec>col_20.500.12105_16967</setSpec></header><metadata><record xmlns="http://www.loc.gov/MARC21/slim" xmlns:dcterms="http://purl.org/dc/terms/" xmlns:doc="http://www.lyncode.com/xoai" xmlns:xsi="http://www.w3.org/2001/XMLSchema-instance" xsi:schemaLocation="http://www.loc.gov/MARC21/slim http://www.loc.gov/standards/marcxml/schema/MARC21slim.xsd">
   <leader>00925njm 22002777a 4500</leader>
   <datafield ind2=" " ind1=" " tag="042">
      <subfield code="a">dc</subfield>
   </datafield>
   <datafield ind2=" " ind1=" " tag="720">
      <subfield code="a">Garrido-Duran, Carmen</subfield>
      <subfield code="e">author</subfield>
   </datafield>
   <datafield ind2=" " ind1=" " tag="720">
      <subfield code="a">Khorrami Minaei, Sam</subfield>
      <subfield code="e">author</subfield>
   </datafield>
   <datafield ind2=" " ind1=" " tag="720">
      <subfield code="a">Sendra Rumbeu, Pau</subfield>
      <subfield code="e">author</subfield>
   </datafield>
   <datafield ind2=" " ind1=" " tag="720">
      <subfield code="a">Fernández García, Joaquín</subfield>
      <subfield code="e">author</subfield>
   </datafield>
   <datafield ind2=" " ind1=" " tag="720">
      <subfield code="a">Garcia Hernandez, Marcelo</subfield>
      <subfield code="e">author</subfield>
   </datafield>
   <datafield ind2=" " ind1=" " tag="720">
      <subfield code="a">Legarda, Inés</subfield>
      <subfield code="e">author</subfield>
   </datafield>
   <datafield ind2=" " ind1=" " tag="260">
      <subfield code="c">2019</subfield>
   </datafield>
   <datafield ind2=" " ind1=" " tag="520">
      <subfield code="a">Background: treatment of intraduodenal levodopa using percutaneous endoscopic gastrostomy is an alternative therapy in patients with advanced Parkinson's disease. There are few studies that have evaluated the endoscopic aspects of this technique. Objectives: to describe our experience and adverse events regarding this technique in advanced Parkinson's disease. Method: a retrospective study was performed from January 2007 to January 2019 in a tertiary healthcare center. Results: thirty-seven patients aged 65.1 +/- 10.3 years were included in the study, 21 were male and the disease duration was ten years (1-26). The median follow-up was 16 months (1-144). The device was successfully placed in all cases.The persistence rate with the PEG-D at the end of follow-up was 62.2%.The system was removed in 14 patients, seven due to neurological impairment, four because of the decision of the patient and three due to related events. Fifty-nine adverse events occurred in 23 patients (62.2%, 0.63 per patient-year), four of which were severe (8.1%, 0.05 per patient-year). Minor adverse events included 14 (37.8%) related to the stoma, six (16.2%) to the gastric tube and 15 (40.5%) to the duodenal tube. Forty-four system replacements were performed in 20 patients (54.1%, 0.52 per patient-year). Male sex, age over 70 and a higher comorbidity index were associated with a greater likelihood of persistence of the system (OR: 0.14, 95% CI: 0.03-0.62; OR: 0.52, 95% CI: 0.32-0.86; OR: 0.16, 95% CI: 0.03-0.99, respectively). No predictors of adverse events associated with PEG-D were identified. Conclusions: percutaneous endoscopic gastrostomy for the continuous delivery of duodenal levodopa is a highly effective technique. Adverse events are common, although most are resolved by endoscopy.</subfield>
   </datafield>
   <datafield ind1="8" ind2=" " tag="024">
      <subfield code="a">Garrido Duran Carmen, Khorrami Minaei Sam, Sendra Rumbeu Pau, Fernandez Garcia Joaquin, Garcia Hernandez Marcelo, Legarda Ramírez Inés. Endoscopic management of duodenal levodopa-carbidopa therapy of advanced Parkinson's disease. Rev Esp Enferm Dig. 2019;111(11):828-832.</subfield>
   </datafield>
   <datafield ind1="8" ind2=" " tag="024">
      <subfield code="a">1130-0108</subfield>
   </datafield>
   <datafield ind1="8" ind2=" " tag="024">
      <subfield code="a">http://hdl.handle.net/20.500.13003/8922</subfield>
   </datafield>
   <datafield ind1="8" ind2=" " tag="024">
      <subfield code="a">https://hdl.handle.net/20.500.12105/22649</subfield>
   </datafield>
   <datafield ind1="8" ind2=" " tag="024">
      <subfield code="a">31566412</subfield>
   </datafield>
   <datafield ind1="8" ind2=" " tag="024">
      <subfield code="a">10.17235/reed.2019.6311/2019</subfield>
   </datafield>
   <datafield ind1="8" ind2=" " tag="024">
      <subfield code="a">2340-4167</subfield>
   </datafield>
   <datafield ind1="8" ind2=" " tag="024">
      <subfield code="a">Revista Española de Enfermedades Digestivas</subfield>
   </datafield>
   <datafield ind1="8" ind2=" " tag="024">
      <subfield code="a">2-s2.0-85074875039</subfield>
   </datafield>
   <datafield ind1="8" ind2=" " tag="024">
      <subfield code="a">495889800003</subfield>
   </datafield>
   <datafield ind1="8" ind2=" " tag="024">
      <subfield code="a">L629460158</subfield>
   </datafield>
   <datafield tag="653" ind2=" " ind1=" ">
      <subfield code="a">Parkinson's disease</subfield>
   </datafield>
   <datafield tag="653" ind2=" " ind1=" ">
      <subfield code="a">Levodopa</subfield>
   </datafield>
   <datafield tag="653" ind2=" " ind1=" ">
      <subfield code="a">Percutaneous endoscopic gastrostomy</subfield>
   </datafield>
   <datafield tag="653" ind2=" " ind1=" ">
      <subfield code="a">Continuous enteral infusion</subfield>
   </datafield>
   <datafield ind2="0" ind1="0" tag="245">
      <subfield code="a">Endoscopic management of duodenal levodopa-carbidopa therapy of advanced Parkinson's disease</subfield>
   </datafield>
</record></metadata></record></GetRecord></OAI-PMH>